Informal sector in economic development: An analytical foundation (Record no. 1715824)

MARC details
000 -LEADER
fixed length control field 01338nam a2200217 4500
005 - DATE AND TIME OF LATEST TRANSACTION
control field 20260407100445.0
008 - FIXED-LENGTH DATA ELEMENTS--GENERAL INFORMATION
fixed length control field 260320b |||||||| |||| 00| 0 eng d
020 ## - INTERNATIONAL STANDARD BOOK NUMBER
International Standard Book Number 9783031602450
037 ## - SOURCE OF ACQUISITION
Terms of availability Textual
040 ## - CATALOGING SOURCE
Original cataloging agency RTL
Transcribing agency RTL
084 ## - COLON CLASSIFICATION NUMBER
Assigning agency RTL
Classification number X9:77 R4
245 ## - TITLE STATEMENT
Title Informal sector in economic development: An analytical foundation
260 ## - PUBLICATION, DISTRIBUTION, ETC.
Place of publication, distribution, etc. Switzerland
Name of publisher, distributor, etc. Springer
Date of publication, distribution, etc. 2024
300 ## - PHYSICAL DESCRIPTION
Extent xiv, 106p. : ill.
Other physical details Includes bibliographical references & index
520 ## - SUMMARY, ETC.
Summary, etc. This book bridges the gap between theoretical and empirical understandings of the informal sector to provide insight into the role of the informal sector within the development process. By analysing three economic sectors, it sets out a framework for analysing urbanisation, rural-urban migration, agriculture- industry relationship, income inequality, structural change, employment, and optimal growth. Through highlighting the economic contribution of the informal sector, its impact on the national output and influence on the labour market is shown, alongside how employment opportunities in the informal sector drive rural and urban migration.
650 ## - SUBJECT ADDED ENTRY--TOPICAL TERM
Topical term or geographic name entry element Economic Development
650 ## - SUBJECT ADDED ENTRY--TOPICAL TERM
Topical term or geographic name entry element Analyzing urbanization
9 (RLIN) 1132651
650 ## - SUBJECT ADDED ENTRY--TOPICAL TERM
Topical term or geographic name entry element Income inequality
9 (RLIN) 1132652
700 ## - ADDED ENTRY--PERSONAL NAME
Personal name Bhattacharya, Prabir
9 (RLIN) 752216
942 ## - ADDED ENTRY ELEMENTS (KOHA)
Source of classification or shelving scheme Colon Classification (CC)
Suppress in OPAC Yes
Koha item type Textbook
Classification part X9:77 R4
Holdings
Withdrawn status Lost status Source of classification or shelving scheme Damaged status Not for loan Home library Current library Date acquired Total Checkouts Full call number Barcode Date last seen Price effective from Koha item type
    Colon Classification (CC)     Ratan Tata Library Ratan Tata Library 2026-03-20   X9:77 R4 RT1528580 2026-03-20 2026-03-20 Textbook
Copyright @ Delhi University Library System